Countries Without Vowels Quiz #10 - Statistics

General Stats
  • This quiz has been taken 17 times
  • The average score is 14 of 14
Answer Stats
Countries (No Vowels) Countries % Correct
BNGLDSH Bangladesh
100%
DJBT Djibouti
100%
HT Haiti
100%
JPN Japan
100%
LXMBRG Luxembourg
100%
MXC Mexico
100%
RWND Rwanda
100%
TRKY Turkey
100%
VTCN CTY Vatican City
100%
CP VRD Cape Verde
94%
FDRTD STTS F MCRNS Federated States of Micronesia
94%
GMB Gambia
94%
GYN Guyana
88%
ML Mali
88%
No matching quizzes found
Score Distribution
Percent of People with Each Score
Percentile by Number Answered
Your Score History
You have not taken this quiz